<?xml version="1.0" encoding="UTF-8"?><?xml-stylesheet type="text/xsl" href="static/style.xsl"?><OAI-PMH xmlns="http://www.openarchives.org/OAI/2.0/" xmlns:xsi="http://www.w3.org/2001/XMLSchema-instance" xsi:schemaLocation="http://www.openarchives.org/OAI/2.0/ http://www.openarchives.org/OAI/2.0/OAI-PMH.xsd"><responseDate>2026-06-03T11:44:36Z</responseDate><request verb="GetRecord" identifier="oai:riuma.uma.es:10630/29737" metadataPrefix="marc">https://riuma.uma.es/rest/oai/request</request><GetRecord><record><header><identifier>oai:riuma.uma.es:10630/29737</identifier><datestamp>2026-02-03T11:43:21Z</datestamp><setSpec>com_10630_2254</setSpec><setSpec>col_10630_37956</setSpec></header><metadata><record xmlns="http://www.loc.gov/MARC21/slim" xmlns:dcterms="http://purl.org/dc/terms/" xmlns:doc="http://www.lyncode.com/xoai" xmlns:xsi="http://www.w3.org/2001/XMLSchema-instance" xsi:schemaLocation="http://www.loc.gov/MARC21/slim http://www.loc.gov/standards/marcxml/schema/MARC21slim.xsd">
   <leader>00925njm 22002777a 4500</leader>
   <datafield ind2=" " ind1=" " tag="042">
      <subfield code="a">dc</subfield>
   </datafield>
   <datafield ind2=" " ind1=" " tag="720">
      <subfield code="a">Jiménez-Morales, Eduardo</subfield>
      <subfield code="e">author</subfield>
   </datafield>
   <datafield ind2=" " ind1=" " tag="260">
      <subfield code="c">2013</subfield>
   </datafield>
   <datafield ind2=" " ind1=" " tag="520">
      <subfield code="a">Si existe una arquitectura claramente adscrita al turismo, esta es la del hotel. El hotel constituye la pieza mínima por excelencia, porque es necesaria para convertir un lugar en un destino turístico. Para estudiar sus características, en este artículo se propone una primera indagación sobre la evolución y el desarrollo del hotel turístico, para descubrir el momento del tránsito del hotel urbano, de patio interior y manzana cerrada, al hotel panorámico y abierto al paisaje litoral. Para ello, se ha estudiado la evolución del hotel urbano, desde los primeros hoteles balnearios de la costa y la arquitectura sanitaria hasta el hotel turístico panorámico.</subfield>
   </datafield>
   <datafield ind1="8" ind2=" " tag="024">
      <subfield code="a">Jiménez-Morales, E. (2013) Génesis del hotel turístico. En: Turismo Líquido (pp. 108-120). Editorial Universitat Politècnica de Catalunya. Iniciativa Digital Politècnica ISBN 978-84-9880-454-6</subfield>
   </datafield>
   <datafield ind1="8" ind2=" " tag="024">
      <subfield code="a">978-84-9880-454-6</subfield>
   </datafield>
   <datafield ind1="8" ind2=" " tag="024">
      <subfield code="a">https://hdl.handle.net/10630/29737</subfield>
   </datafield>
   <datafield ind1="8" ind2=" " tag="024">
      <subfield code="a">10.5821/ebook-9788498804546</subfield>
   </datafield>
   <datafield tag="653" ind2=" " ind1=" ">
      <subfield code="a">Hoteles y pensiones - Diseño y construcción</subfield>
   </datafield>
   <datafield ind2="0" ind1="0" tag="245">
      <subfield code="a">Génesis del hotel turístico</subfield>
   </datafield>
</record>
</metadata></record></GetRecord></OAI-PMH>